LEADER 01335nam 2200445 450 001 9910153211603321 005 20200520144314.0 010 $a1-78714-091-1 035 $a(CKB)3710000000960559 035 $a(MiAaPQ)EBC4745644 035 $a(Au-PeEL)EBL4745644 035 $a(CaPaEBR)ebr11300218 035 $a(OCoLC)964408688 035 $a(EXLCZ)993710000000960559 100 $a20161205d2016 uy| 0 101 0 $aeng 135 $aurcnu|||||||| 181 $2rdacontent 182 $2rdamedia 183 $2rdacarrier 200 00$aActivism with(out) organisation /$fguest editors, Richard J. White and Patricia Burke Wood 210 1$a[Bradford, West Yorkshire] :$cEmerald,$d2016. 215 $a1 online resource (143 pages) $cillustrations 225 0 $aInternational journal of sociology and social policy,$x0144-333X ;$vvolume 36, number 9/10 2016 311 $a1-78714-090-3 606 $aSocial movements 606 $aSocial change 606 $aSocial action 608 $aElectronic books. 615 0$aSocial movements. 615 0$aSocial change. 615 0$aSocial action. 676 $a360 801 0$bMiAaPQ 801 1$bMiAaPQ 801 2$bMiAaPQ 906 $aBOOK 912 $a9910153211603321 996 $aActivism with(out) organisation$91971170 997 $aUNINA LEADER 01009nam a2200289 i 4500 001 991000401679707536 005 20250402125248.0 008 000720s1988 it ||| | ita 020 $a8802053421$c145000 035 $ab10072214-39ule_inst 035 $aLE02515347$9ExL 040 $aBibl. Dip.le Aggr. Scienze Economia - Sez. Settore Economico 082 0 $a346.45096 100 1 $aPieri, Silvio$072274 245 12$aL'assegno /$cSilvio Pieri 250 $a2. ed. 260 $aTorino :$bUTET,$cc1998 300 $axii, 652 p. ;$c25 cm 490 0 $aGiurisprudenza sistematica di diritto civile e commerciale 650 4$aAssegni bancari$xLegislazione 650 4$aGiurisprudenza$xRepertori 907 $a.b10072214$b17-02-17$c27-06-02 912 $a991000401679707536 945 $aLE025 ECO 346 GIU02.02 1998$g1$i2025000071131$lle025$o-$pE0.00$q-$rn$so$t0$u0$v0$w0$x0$y.i10081409$z27-06-02 996 $aAssegno$9192019 997 $aUNISALENTO 998 $ale025$b01-01-00$cm$da$e-$fita$git$h2$i1